00359nam a22001337a 4500008004100000040005500041080001500096100002000111245001900131260003500150300001600185650001200201653001200213230525b |||||||| |||| 00| 0 eng d aNational Science LibrarycNational Science Library a595.72bL2 aBaron, Stanley  aDesert locust  aLondon: bEyre Methuen, c1972 axiii, 228p. aLocust  aDesert